000 00721nam a2200205Ii 4500
003 JO-AjNU
008 230605s9999||||xx |||||||||||||| ||und||
020 _a978-9957-11-847-1
040 _aJO-AjNU
_bara
_erda
_cJO-AjNU
041 _aara
050 1 4 _aQA67.H3724.2011
100 3 _aالزعبي ، احمد الشرايعة ,
_eauthor
_931170
245 0 0 _aالحاسوب والبرمجيات الجاهزة مهارات الحاسوب =Computer SKILLS
264 3 1 _aعمان:دار وائل للنشر والتوزيع, ، 2011
300 _a536ص
336 _atext
_btxt
_2rdacontent
337 _aunmediated
_bn
_2rdamedia
338 _avolume
_bnc
_2rdacarrier
650 4 _aمهارات الحاسوب
_931171
999 _aA12438
_c16006
_d16006